000 00950nam a2200229 i 4500
001 133542
003 ES-MaACL
005 20251015170207.0
007 t|
008 070820q1910 sp ||||1| spa d
100 1 _aWolff-Eisner, Alfred.
_9117268
245 1 0 _aTratado de sueroterapia y de terapéutica experimental : manual para los clínicos y médicos prácticos /
_cpublicado bajo la dirección del Dr. Wolff-Eisner ; con la colaboración de F. Blumenthal ... [et al.] ; traducción directa del alemán por... García del Real.
260 _aMadrid :
_bCalleja,
_c[1910?]
300 _a450 p. ;
_c25 cm.
490 1 _aBiblioteca de ciencias médicas. 2. Tercera serie
650 1 4 _aSeroterapia.
_917057
700 0 _aGarcía del Real, Eduardo,
_d1870-1946
_954523
700 1 _aBlumenthal, Ferdinand.
_929592
830 0 0 _aBiblioteca de ciencias médicas
_9229552
852 _aES-MaACL
_jF-2424
999 _c133542
_d133542